Guess the Album Songs - Lover - Statistics

General Stats
  • This quiz has been taken 54 times
  • The average score is 16 of 18
Answer Stats
Answer % Correct
Lover
100%
I Forgot That You Existed
95%
The Archer
95%
The Man
95%
Daylight
93%
Me!
93%
You Need To Calm Down
93%
Afterglow
91%
Cornelia Street
91%
Cruel Summer
91%
Miss Americana & The Heartbreak Prince
91%
London Boy
89%
Paper Rings
89%
It’s Nice To Have A Friend
84%
Soon You’ll Get Better
84%
Death By A Thousand Cuts
82%
False God
80%
I Think He Knows
80%
No matching quizzes found
Score Distribution
Percent of People with Each Score
Percentile by Number Answered
Your Score History
You have not taken this quiz